000 00678nam a2200265Ia 4500
005 20260121170620.0
008 008 260114s9999 xx 000 0 eng d
020 _a9783319749112
037 _aEBOOK
040 _aCRL
040 _beng
040 _cCRL
041 _2eng
041 _aeng
084 _qCRL
100 _aAdeshina Afolayan, Olajumoke Yacob-Haliso, Toyin Falola
_91066056
245 0 _aPentecostalism and Politics in Africa
260 _bSpringer
260 _bSpringer
260 _c2018
856 _uhttps://link.springer.com/openurl?genre=book&isbn=978-3-319-74911-2
942 _cEBOOK
999 _c1631786
_d1631786